000 00906nam a2200277Ia 4500
003 OSt
005 20220918171456.0
006 a|||||r|||| 00| 0
007 ta
008 220917b |||||||| |||| 00| 0 eng d
020 _a9781843347316 (pbk)
_c5791.05
024 _a287,818
037 _b79, 25/01/2016, Mallika Books
_cTextual
040 _aARTS
_cARTS
_beng
041 _2eng
_aeng
082 _a2:(D65,8(B):71W), Q3
100 _aWiller Mirna
_936855
245 0 _aBiblioraphic information organization in the semantic web
260 _aOxford
_bChandos Publishing UK
_c2013
300 _axxxii, 318p.
_ccm.
490 _aChandos: Informationprofessional series
650 _aLIBRARY SCIENCE
700 _a Dunsire Gordon
_936856
942 _h2:(D65,8(B):71W), Q3
_cTEXL
_2CC
999 _c139752
_d139752